| 000 | 01797nam0a2200337 4500 | ||
|---|---|---|---|
| 001 | RU\NLR\bibl\799723 | ||
| 005 | 20260607053429.0 | ||
| 020 |
_aRU _b04-22637 _9Летопись авторефератов диссертаций |
||
| 021 |
_aRU _b2004-22140а _9886а |
||
| 035 | _a(NLR Aleph) 000788903 | ||
| 090 |
_a1109127 _c1109127 |
||
| 100 | _a20050208d2004 u u0rusy50 ca | ||
| 101 | 0 | _arus | |
| 102 | _aRU | ||
| 105 | _aa dm ||||| | ||
| 200 | 1 |
_aТеоретические основы развития конкурентных преимуществ и технологии государственного регулирования предпринимательства _e(на прим. фармац. отрасли) _eавтореф. дис. на соиск. учен. степ. д.э.н. _eспец. 08.00.05 _fБогданов Евгений Генрихович _g[С.-Петерб. гос. ун-т экономики и финансов] |
|
| 210 |
_aСПб. _d2004 |
||
| 215 |
_a42 с. _cил. _d21 |
||
| 320 | _aБиблиогр.: с. 39-42 (30 назв.) | ||
| 675 |
_a338.45:661 _v3 _zrus |
||
| 686 |
_a06.75 _2rugasnti |
||
| 686 |
_a65 _2rubbk |
||
| 686 |
_a08.00.05 _2oksvnk |
||
| 700 | 1 |
_4070 _7ca _8rus _aБогданов _bЕ. Г. _cд-р экон. наук _gЕвгений Генрихович _916492 _3RU\NLR\auth\7733484 |
|
| 801 | 0 |
_aRU _bRKP _c20050208 _gPSBO |
|
| 801 | 1 |
_aRU _bRKP _c20050208 |
|
| 801 | 2 |
_aRU _bNLR _c20060127 _grcr |
|
| 942 | _cBOOK | ||
| 981 | 1 | 0 |
_a(10) Авторефераты _b(10) 08.00.00 Экономические науки _b08.00.05 Экономика и управление народным хозяйством (по отраслям и сферам деятельности) |